000 00729nam a2200217Ia 4500
008 140609s9999 xx 000 0 und d
020 _a9789710090587
050 _aBV 4596.M3
_b.C4842 2009
100 _aChapman, Gary D.
245 4 _aThe one year love language minute devotional /
_cGary Chapman
260 _aManila, Philippines :
_bOMF Literature Inc.,
_cc2009.
300 _a (unpaged) ;
_c23 cm.
440 _a(The one year signature series).
500 _aIncludes index.
521 _aGE
650 _aLove
_xReligious aspects --Christianity.
650 _aMan-woman relationships
_xReligious aspects --Christianity.
650 _aMarried people
_xPrayers and devotions.
942 _kFOR
_cBK
999 _c118164
_d118164